Statistics for James Garner Filmography

Click here to take the quiz!

General Stats

  • This quiz has been taken 27 times
    (13 since last reset)
  • The average score is 32 of 150

Answer Stats

TypeYearName% Correct
Film1963The Great Escape
89%
Film1994Maverick
78%
TV Show1957-1962Maverick
78%
Film1985Murphy's Romance
67%
Film1969Support Your Local Sheriff!
67%
TV Show1974-1980The Rockford Files
67%
Film1996My Fellow Americans
56%
Film2004The Notebook
56%
Film1963The Thrill of It All
56%
TV Show2003-20058 Simple Rules
44%
Film1960Cash McCall
44%
Commercial1982'Here It Comes' by Polaroid
44%
Film1968How Sweet It Is!
44%
Film1963Move Over, Darling
44%
Commercial1975-1983Polaroid
44%
Film1957Sayonara
44%
TV Mini-Series1985Space
44%
Film2000Space Cowboys
44%
Film1971Support Your Local Gunfighter
44%
Film1964The Americanization of Emily
44%
Film1965The Art of Love
44%
Film1981The Fan
44%
Film1972They Only Kill Their Masters
44%
Film1982Victor/Victoria
44%
Film196536 Hours
33%
Film1962Boys' Night Out
33%
Film1958Darby's Rangers
33%
Film1966Duel at Diablo
33%
Film1966Grand Prix
33%
TV Film1984Heartsounds
33%
Film1967Hour of the Gun
33%
Film1988Sunset
33%
Film1984Tank
33%
Film1961The Children's Hour
33%
Film1963The Wheeler Dealers
33%
Film1959Up Periscope
33%
Short Film2004Al Roach: Private Investigator
22%
Film1970A Man Called Sledge
22%
Film1966A Man Could Get Killed
22%
TV Show1961Angel
22%
Film2001Atlantis: The Lost Empire
22%
Film2007Battle for Terra
22%
Commercial1989Beef Industry Council
22%
TV Show1981-1982Bret Maverick
22%
TV Show1955, 1956, 1957Cheyenne
22%
TV Show1956, 1957Conflict
22%
TV Show1956Dick Powell's Zane Grey Theatre
22%
Film2002Divine Secrets of the Ya-Ya Sisterhood
22%
Film1993Fire in the Sky
22%
Film1980HealtH
22%
TV Show1977, 1978Laugh-In
22%
Film1969Marlowe
22%
Film1966Mister Buddwing
22%
Film1973One Little Indian
22%
TV Show1968, 1969, 1970Rowan & Martin's Laugh-In
22%
Film1957Shoot-Out at Medicine Bend
22%
Film1971Skin Game
22%
TV Show1957Sugarfoot
22%
Short Film2010Superman/Shazam!: The Return of Black Adam
22%
TV Documentary1990Take Me to Your Leaders
22%
Film1974The Castaway Cowboy
22%
Film1992The Distinguished Gentleman
22%
Film1956The Girl He Left Behind
22%
Film2003The Land Before Time X: The Great Longneck Migration
22%
TV Show1969, 1976The Mike Douglas Show
22%
TV Film1978The New Maverick
22%
Film1968The Pink Jungle
22%
TV Film1996The Rockford Files: Godfather Knows Best
22%
TV Film1999The Rockford Files: If It Bleeds... It Leads
22%
TV Film1994The Rockford Files: I Still Love L.A.
22%
TV Film1996The Rockford Files: Punishment and Crime
22%
TV Show1968The Tonight Show Starring Johnny Carson
22%
Film2006The Ultimate Gift
22%
TV Show1958This Is Your Life
22%
Film1956Toward the Unknown
22%
Film1998Twilight
22%
Documentary Series1958Wide Wide World
22%
TV Show1979Young Maverick
22%
TV Documentary1994100 Years of the Hollywood Western
11%
TV Show195977 Sunset Strip
11%
TV Documentary2003A Century of Westerns
11%
Short Documentary1964Action on the Beach
11%
Music Video1994Amazing Grace
11%
TV Film1993Barbarians at the Gate
11%
Documentary Series2000Biography
11%
TV Film1994Breathing Lessons
11%
TV Show1959Celebrity Golf
11%
Commercial2003Chevrolet Suburban
11%
Commercial2002Chevrolet Tahoe
11%
TV Show2000Chicago Hope
11%
TV Film1997Dead Silence
11%
TV Film1990Decoration Day
11%
TV Show2002First Monday
11%
Short Film2007First Night
11%
TV Show2000God, the Devil and Bob
11%
Theater1960John Loves Mary
11%
TV Show1964Juke Box Jury
11%
TV Mini-Series1995Larry McMurtry's Streets of Laredo
11%
TV Show1991-1992Man of the People
11%
Commercial1985-1989Mazda 323
11%
Commercial1985-1989Mazda 626
11%
Commercial1985-1989Mazda 929
11%
Commercial1985-1989Mazda RX-7
11%
TV Film1989My Name Is Bill W.
11%
TV Show1971-1972Nichols
11%
TV Show1987Not Necessarily the News
11%
Documentary1968Once Upon a Wheel
11%
TV Film1999One Special Night
11%
Documentary Series2011Pioneers of Television
11%
TV Film1986Promise
11%
TV Film2002Roughing It
11%
TV Film1999Shake, Rattle and Roll: An American Love Story
11%
TV Documentary1981Sixty Years of Seduction
11%
Short Documentary1998Spirit of American
11%
TV Show1969, 1970The Andy Williams Show
11%
TV Show1960-1968The Bob Hope Show
11%
Theater1954-1955, 1955-1956The Caine Mutiny Court-Martial
11%
TV Show1978The Carol Burnett Show
11%
TV Film1984The Glitter Dome
11%
Short Documentary1997The Hidden Dimension
11%
TV Film2000The Last Debate
11%
TV Film1982The Long Summer of George Adams
11%
Short Documentary1968The Man Who Makes the Difference
11%
Documentary1969The Racing Scene
11%
TV Film1995The Rockford Files: A Blessing in Disguise
11%
TV Film1996The Rockford Files: Friends and Foul Play
11%
TV Film1996The Rockford Files: If the Frame Fits...
11%
TV Film1996The Rockford Files: Shoot-Out at the Golden Pagoda
11%
TV Documentary2006The Trail of Tears: Cherokee Legacy
11%
Film2013The Ultimate Life
11%
TV Show1956Warner Brothers Presents
11%
Documentary1996Wild Bill: Hollywood Maverick
11%
Commercial2001Williams Energy Solutions
11%
CommercialEarly 1950sWinston Cigarettes
11%
Commercial199810-10-9000 Long Distance Directory Service
0%
TV Film1974Backlash of the Hunter
0%
TV Documentary1997Big Guns Talk: The Story of the Western
0%
TV Show1964Bob Hope Presents the Chrysler Theatre
0%
TV Mini-Series1999Century of Country
0%
Film2010DC Showcase Original Shorts Collection
0%
Film1966Grand Prix: Challenge of the Champions
0%
Documentary Series1994HBO First Look
0%
Short TV Documentary2005James Garner On-Camera Interview: Rockford Files Season 1 DVD
0%
TV Film1998Legalese
0%
TV Special1982Lily for President?
0%
Short TV Documentary1993Return to 'The Great Escape'
0%
TV Special1984Sunday Night Live
0%
TV Show1961, 1962The Dinah Shore Chevy Hour
0%
TV Documentary2002The Making of 'Atlantis: The Lost Empire'
0%
TV Show1963The New Steve Allen Show
0%

Score Distribution

Percentile by Number Answered

Percent of People with Each Score

Your Score History

You have not taken this quiz since the last reset